Digital video : selections from the SMPTE Journal and other publications /

Saved in:
Bibliographic Details
Corporate Author: Society of Motion Picture and Television Engineers (U.S.)
Format: Book
Language:English
Published: Scarsdale, N.Y. : Society of Motion Picture and Television Engineers, 1977.
Subjects:
LEADER 00974nam a2200229 a 4500
001 c000116281
003 CARM
005 20000217090746.0
008 910619s1977 nyua 000 0 eng d
019 1 |a 8101650  |5 LACONCORD2021 
020 |a 0940690020 
035 |a (OCoLC)3064871  |5 LACONCORD2021 
040 |a NFTS  |b eng  |c NFTS 
082 0 4 |a 621.388  |2 20 
245 0 0 |a Digital video :  |b selections from the SMPTE Journal and other publications /  |c prepared by an editorial committee of the SMPTE. 
260 |a Scarsdale, N.Y. :  |b Society of Motion Picture and Television Engineers,  |c 1977. 
300 |a 114 p. :  |b ill. ;  |c 28 cm. 
650 0 |a Digital television. 
710 2 |a Society of Motion Picture and Television Engineers (U.S.)  |t Journal. 
852 8 |b CARM  |h A2:AJ30D0  |i E01010  |p 0169559  |f BK 
999 f f |i ef00b59b-acb0-5b34-aa06-3949ad446b18  |s b738a364-53d4-595c-98b3-c8f2cacbfd97 
952 f f |p Can circulate  |a CAVAL  |b CAVAL  |c CAVAL  |d CARM 1 Store  |e E01010  |f A2:AJ30D0  |h Other scheme  |i book  |m 0169559